Biblioteca

El imperio romano en el Nuevo Testamento (Registro nro. 32164)

Detalles MARC
000 -LÍDER
Campo fijo de descripción fija 01488nam a22003017a 4500
001 - NÚMERO DE CONTROL
Campo de control 689
003 - IDENTIFICADOR DEL NÚMERO DE CONTROL
Campo de control CO-MdFUSB
005 - FECHA Y HORA DE LA ULTIMA TRANSACCIÓN
control field 20171117103252.0
008 - ELEMENTOS DE LONGITUD FIJA -- INFORMACIÓN GENERAL
Campo fijo de descripción fija -- Información general 171117t2011 sp ||||| |||| 00| 0 spa d
020 ## - NÚMERO INTERNACIONAL NORMALIZADO PARA LIBROS
Número Internacional Normalizado del libro 978-84-9945-142-8
040 ## - FUENTE DE CATALOGACIÓN
Agencia de catalogación original CO-MdFUSB
Idioma de catalogación spa
Agencia que realiza la transcripción CO-MdFUSB
Agencia que realiza la modificación CO-MdFUSBC
Convenciones de la descripción rda
041 ## - CÓDIGO DE IDIOMA
Código de idioma para texto/pista de sonido o título separado spa
Código de idioma original eng
082 04 - NÚMERO DE CLASIFICACIÓN DECIMAL DEWEY
Número de clasificación G 225.95 C3231i
100 1# - ASIENTO PRINCIPAL--NOMBRE PERSONAL
Nombre personal Carter, Warren (1955- )
Término relacionador autor
245 13 - TÍTULO
Título del Material El imperio romano en el Nuevo Testamento
Parte restante del título - Subtitulo : guía básica
Mención de responsabilidad, etc. / Warren Carter ; traducido por José Pedro Tosaus Abadía
264 #4 - PRODUCCIÓN, PUBLICACIÓN, DISTRIBUCIÓN, MANUFACTURA, Y COPYRIGHT
Lugar de producción, publicación, distribución, manufactura Estella, Navarra :
Nombre del productor, publicador, distribuidor Verbo Divino,
Fecha de producción, publicación, distribución, manufactura, o copyright ©2011
300 ## - DESCRIPCIÓN FÍSICA
Extensión 214 p.
336 ## - TIPO DE CONTENIDO
Fuente rdacontent
Término de tipo de contenido texto
Código de tipo de contenido txt
337 ## - TIPO DE MEDIO
Fuente rdamedia
Nombre del tipo de medio sin mediación
Código del tipo de medio n
338 ## - TIPO DE SOPORTE
Fuente rdacarrier
Nombre del tipo de soporte volumen
Código Tipo de soporte nc
500 ## - NOTA GENERAL
Nota General Título original: The Roman Empire and the New Testament. An essential guide
501 ## - NOTA DE “CON”
Nota de Contenido Pasta dura
505 00 - NOTA DE CONTENIDO
Nota de contenido con formato preestablecido El mundo imperial romano -- Una evaluación del imperio de Roma -- Los rostros que ejercían el gobierno del imperio: un encuentro con los funcionarios imperiales -- Los espacios del imperio: ámbitos urbanos y rurales -- Los templos y el personal "religioso"/político -- La teología imperial: un choque entre afirmaciones teológicas y sociales -- Economía, alimentación y salud -- Otros dinamismos de resistencia
650 14 - ASIENTO SECUNDARIO DE MATERIA - TERMINO TEMÁTICO
Término temático o nombre geográfico como elemento de entrada BIBLIA N.T. - IMPERIO ROMANO \ ROMA - HISTORIA - IMPERIO, 30 A.C. - 476 D.C.
653 ## - TÉRMINO DE INDIZACIÓN - NO CONTROLADO
Término no controlado Biblia N.T. - Imperio romano
653 ## - TÉRMINO DE INDIZACIÓN - NO CONTROLADO
Término no controlado Roma - Historia - Imperio, 30 A.C. -476 D.C.
942 ## - TIPO DE MATERIAL (KOHA)
Tipo de Item KOHA Libros General
Existencias
Estado de Material Estado de Perdido Estado de Dañado No para Préstamo Colección Tomo Biblioteca de Origen Biblioteca Permanente Fecha de Adquisición Total de Préstamos Total de Renovaciones Signatura Topográfica Código de Barras Prestado Última vez visto Última vez Préstado Ejemplar/Existencia Fecha de Remplazo Tipo de Material
        Colección General   Biblioteca FUSBC Biblioteca FUSBC 16/11/2012 14 12 G 225.95 C3231i 17727 21/04/2026 26/02/2026 26/02/2026 1 26/01/2016 Libros General

Biblioteca FUSBC | Teléfono: (57+4) 349 88 10 Ext. 141| WhatsApp (+57) 3005338115 
E-mail: biblioteca@unisbc.edu.co | Calle 76 87-14 Robledo Palenque, Medellín, Colombia

Con tecnología Koha